De la guerre au Droit (Record no. 136549)

MARC details
000 -LEADER
campo de control de longitud fija 00437nam a2200145 4500
001 - NÚMERO DE CONTROL
campo de control 136549
003 - IDENTIFICADOR DE NÚMERO DE CONTROL
campo de control ES-MaACL
007 - CAMPO FIJO DE DESCRIPCIÓN FÍSICA--INFORMACIÓN GENERAL
campo de control de longitud fija t|
008 - DATOS DE LONGITUD FIJA--INFORMACIÓN GENERAL
campo de control de longitud fija 070214s1920 fr r ||||1| fre d
100 1# - ENTRADA PRINCIPAL--NOMBRE DE PERSONA
Nombre de persona Ruyssen, Theodore.
9 (RLIN) 101088
245 10 - MENCIÓN DEL TÍTULO
Título De la guerre au Droit
Resto del título : etude de philosophie sociale /
Mención de responsabilidad, etc. Theodore Ruyssen.
260 ## - PUBLICACIÓN, DISTRIBUCIÓN, ETC.
Lugar de publicación, distribución, etc. Paris :
Nombre del editor, distribuidor, etc. [s.n.],
Fecha de publicación, distribución, etc. 1920 (
Fabricante Imp. J. Dardaillon)
300 ## - DESCRIPCIÓN FÍSICA
Extensión XII, 304 p. ;
Dimensiones 23 cm.
852 ## - LOCALIZACIÓN
Ubicación ES-MaACL
Número de control de estantería B-7085
Holdings
Estatus retirado Estado de pérdida Estado de daño No para préstamo Biblioteca de origen Biblioteca actual Ubicación en estantería Fecha de adquisición Fuente de adquisición Total de préstamos Signatura topográfica completa Código de barras Visto por última vez Precio de reemplazo Tipo de ítem Koha
        Biblioteca del Ateneo de Madrid Biblioteca del Ateneo de Madrid Sala Pardo Bazán 17/01/2008     B-7085 1142110 23/02/2023 23/02/2023 Libro impreso